| 000 | 00878nam a2200289Ia 4500 | ||
|---|---|---|---|
| 003 | OSt | ||
| 005 | 20220928111141.0 | ||
| 006 | a|||||r|||| 00| 0 | ||
| 007 | ta | ||
| 008 | 220927b |||||||| |||| 00| 0 eng d | ||
| 020 | _cINR 829.00 | ||
| 024 | _a142974 | ||
| 037 |
_b195, 28/02/2020, Classic Book Service _cTextual |
||
| 040 |
_aSDCL _cSDCL _beng |
||
| 041 |
_2eng _aeng |
||
| 082 | _aX9:6, Q8 | ||
| 100 |
_aEiteman David K. _9421812 |
||
| 245 | 0 | _aMultinational business finance | |
| 250 | _a14th | ||
| 260 |
_aNoida _bPearson _c2018 |
||
| 300 |
_a609p. _ccm. |
||
| 650 | _aFinancial Studies | ||
| 700 |
_a Moffett Michael H. _9421813 |
||
| 700 |
_a Stonehill Arthur I. _9421814 |
||
| 942 |
_hX9:6, Q8 _cTEXL _2CC |
||
| 999 |
_c738137 _d738137 |
||